000
00212 a2200097 4500
001
43436
100
_a
Peacock
245
_a
English Verse
260
_a
London
_b
Oxford University Press
_c
090
_c
27260
_d
27260
942
_a
NUST-CAE
_c
M
_c
19181
999
_c
278509
_d
278509